00726nam a2200181 a 450000100100000000500170001000800410002704000250006808200150009310000310010824501090013926000320024830000240028050000370030450400730034195201130041499900170052700003388220200930070609.0110914s1995 cl a 000 0 spa d aDO-SdBNPbspacBNPHU axxxxbxxxx1 aE. Sonmore, Clayton95931910aNadie se atreve a llamarlo engaño /cClayton E. Sonmore ; traducción Ramón Antonio Trillos Páez. aColombia, :b[s.n.],c1995. av. :bil. ;c22 cm. aLa biblioteca posee el volumen 3 aIncluye referencias bibliográficas y notas al pie de las páginas 001050718MOaGRbGRcHDd2011-09-14iLF1l0oxxxx xxxxp33882-10r2020-06-25w2020-06-25y1ZNo se presta c33373d33373